Statistics for Juventus Players at World Cup

Click here to take the quiz!

General Stats

  • This quiz has been taken 221 times
    (144 since last reset)
  • The average score is 54 of 137

Answer Stats

World CupTeamAnswer% Correct
2022 QatarArgentina
Angel Di Maria
93%
2022 QatarUSAWeston McKennie
89%
2022 QatarSerbiaDusan Vlahovic
88%
2022 QatarBrazilAlex Sandro
85%
2022 QatarBrazilDanilo
85%
2022 QatarFranceAdrien Rabiot
83%
2018 RussiaArgentinaPaulo Dybala
83%
2022 QatarPolandArkadiusz Milik
82%
2010 South Africa | 2014 BrazilItalyGiorgio Chiellini
82%
2018 RussiaColombiaJuan Cuadrado
81%
2002 Japan/South Korea | 2006 Germany | 2010 South Africa | 2014 BrazilItalyGianluigi Buffon
80%
2014 BrazilItalyLeonardo Bonucci
80%
2014 BrazilChileArturo Vidal
79%
2022 QatarSerbiaFilip Kostic
79%
2022 QatarBrazilBremer
77%
2022 QatarArgentinaLeandro Paredes
77%
2018 Russia | 2022 QatarPolandWojciech Szczesny
77%
2014 BrazilFrancePaul Pogba
76%
2018 RussiaGermanySami Khedira
76%
2018 RussiaCroatiaMario Mandzukic
74%
1998 France | 2002 Japan/South Korea | 2006 GermanyItalyAlessandro Del Piero
73%
2018 RussiaArgentinaGonzalo Higuain
70%
2018 RussiaUruguayRodrigo Bentancur
70%
2018 RussiaFranceBlaise Matuidi
68%
2014 BrazilItalyAndrea Pirlo
67%
2010 South Africa | 2014 BrazilItalyClaudio Marchisio
66%
2006 GermanyCzech RepublicPavel Nedved
66%
2014 Brazil | 2018 RussiaSwitzerlandStephan Lichtsteiner
65%
2014 BrazilItalyAndrea Barzagli
63%
2006 Germany | 2010 South AfricaItalyFabio Cannavaro
63%
2018 RussiaMoroccoMedhi Benatia
63%
1998 FranceFranceZinedine Zidane
63%
2006 GermanySwedenZlatan Ibrahimovic
60%
2014 BrazilGhanaKwadwo Asamoah
57%
1994 USAItalyRoberto Baggio
53%
2002 Japan/South Korea | 2006 GermanyFranceDavid Trezeguet
52%
2014 BrazilUruguayMartin Caceres
52%
1994 USAItalyDino Baggio
51%
1982 SpainItalyPaolo Rossi
51%
2002 Japan/South Korea | 2006 GermanyItalyGianluca Zambrotta
49%
2014 BrazilChileMauricio Isla
48%
1974 West Germany | 1978 Argentina | 1982 SpainItalyDino Zoff
47%
2018 RussiaBrazilDouglas Costa
47%
1998 FranceNetherlandsEdgar Davids
46%
1986 MexicoFranceMichel Platini
44%
2002 Japan/South Korea | 2006 GermanyFranceLilian Thuram
43%
1978 Argentina | 1982 Spain | 1986 MexicoItalyGaetano Scirea
37%
2006 Germany | 2010 South AfricaItalyMauro Camoranesi
37%
2010 South AfricaDenmarkChristian Poulsen
36%
1998 FranceFranceDidier Deschamps
34%
1998 FranceItalyFilippo Inzaghi
34%
1994 USAItalyAntonio Conte
33%
2006 GermanyFrancePatrick Vieira
32%
2010 South AfricaBrazilFelipe Melo
30%
1986 MexicoDenmarkMichael Laudrup
30%
2010 South AfricaItalyVincenzo Iaquinta
29%
1978 Argentina | 1982 SpainItalyMarco Tardelli
28%
2006 GermanyBrazilEmerson
27%
1950 Brazil | 1954 SwitzerlandItalyGiampiero Boniperti
26%
1958 SwedenWalesJohn Charles
25%
1962 ChileItalyOmar Sivori
25%
1990 ItalyItalySalvatore Schillaci
25%
2002 Japan/South KoreaUruguayPaolo Montero
23%
1978 ArgentinaItalyRoberto Bettega
23%
1998 FranceItalyGianluca Pessotto
22%
2006 GermanyCroatiaIgor Tudor
22%
1938 FranceItalyPietro Rava
22%
1978 Argentina | 1982 Spain | 1986 MexicoItalyAntonio Cabrini
20%
1994 USAGermanyJurgen Kohler
20%
1998 FranceItalyAngelo Di Livio
19%
1994 USAGermanyAndreas Moller
18%
2006 GermanyCroatiaRobert Kovac
18%
1978 Argentina | 1982 SpainItalyClaudio Gentile
17%
1974 West Germany | 1978 ArgentinaItalyFranco Causio
17%
2002 Japan/South KoreaItalyMark Iuliano
17%
1990 ItalyItalyStefano Tacconi
16%
1974 West GermanyItalyPietro Anastasi
15%
1998 FranceItalyMoreno Torricelli
12%
1934 ItalyItalyRaimundo Orsi
12%
1978 ArgentinaItalyAntonello Cuccureddu
11%
1974 West GermanyItalyFabio Capello
11%
1934 ItalyItalyGianpiero Combi
11%
1966 EnglandSpainLuis del Sol
11%
1986 MexicoItalyAldo Serena
10%
1962 ChileItalyBruno Mora
10%
1934 ItalyItalyFelice Borel
10%
1990 ItalyItalyGiancarlo Marocchi
10%
1970 MexicoItalyGiuseppe Furino
10%
1990 ItalyItalyLuigi De Agostini
10%
1934 ItalyItalyLuis Monti
10%
1990 ItalySoviet UnionOleksandr Zavarov
10%
1934 ItalyItalyVirginio Rosetta
10%
1974 West GermanyItalyFrancesco Morini
9%
1934 ItalyItalyGiovanni Ferrari
9%
1978 ArgentinaItalyRomeo Benetti
9%
1966 EnglandItalySandro Salvadore
9%
1950 BrazilItalyCarlo Parola
8%
2002 Japan/South KoreaUruguayFabian Carini
8%
1990 ItalySoviet UnionSergei Aleinikov
8%
1934 ItalyItalyUmberto Caligaris
8%
1970 MexicoWest GermanyHelmut Haller
7%
1950 Brazil | 1954 SwitzerlandItalyGiacomo Mari
6%
1974 West GermanyItalyLuciano Spinosi
6%
1938 FranceItalyAlfredo Foni
5%
1934 ItalyItalyMario Varglien
5%
1966 EnglandItalyRoberto Anzolin
4%
1950 Brazil | 1954 SwitzerlandItalyErmes Muccinelli
3%
1954 SwitzerlandItalyGiovanni Viola
3%
1934 ItalyItalyLuigi Bertolini
3%
1954 SwitzerlandItalyRino Ferrario
3%
1966 EnglandItalyGianfranco Leoncini
2%

Score Distribution

Percentile by Number Answered

Percent of People with Each Score

Your Score History

You have not taken this quiz since the last reset